000 00617nam a2200229Ia 4500
005 20250425162119.0
008 250425s9999 xx 000 0 und d
020 _a9681823265
041 _aspa
082 _a634
100 _aCALDERON ALCARAZ, ESTEBAN
245 0 _aMANUAL DEL FRUTICULTOR MODERNO
250 _a1A ED.
260 _aMEXICO
260 _aMéxico
_bGRUPO NORIEGA EDITORES
_c1992
500 _aEN CIBGZ-FIMCP D-30478 V. 1 AL 30483 V.6 PARA ING. AGROPECUARIA
650 _aARBOLES FRUTALES-CLASIFICACION
650 _aBOTANICA
650 _aFRUTICULTURA
942 _c01
010 _a50889
999 _c222598
_d222598